| 000 | 00714nam a2200205 i 4500 | ||
|---|---|---|---|
| 001 | 93555 | ||
| 003 | ES-MaACL | ||
| 005 | 20231227201228.0 | ||
| 007 | t| | ||
| 008 | 050413s1970 po ||||1| spa d | ||
| 100 | 1 |
_aLópez Anglada, Luis, _d1919-2007 _973405 |
|
| 245 | 1 | 0 |
_aUna casa para toda la vida / _cLuis López Anglada. |
| 260 |
_aOporto : _bJunta Distrital, _c[1970] |
||
| 300 |
_a6 p. : _bil. ; _c23 cm. |
||
| 500 | _aEs tirada aparte de la Revista de Etnografía, n. 27. | ||
| 500 | _aPrecede al tít: El Museo de Etnografía e Historia de la Junta Distrital de Oporto... | ||
| 852 |
_aES-MaACL _j2110-F-20 _bR.88971 |
||
| 852 |
_aES-MaACL _j2075-F-15 _bR.76060 |
||
| 999 |
_c93555 _d93555 |
||